| 000 | 00565nam a2200241Ia 4500 | ||
|---|---|---|---|
| 008 | 160525s9999||||xx |||||||||||||| ||und|| | ||
| 040 | _cEnglish | ||
| 082 | _aXV.G/Sankara | ||
| 082 | _bBORI-92745 | ||
| 245 | _aSankara the missionary | ||
| 260 | _aMumbai | ||
| 260 | _bCentral Chinmaya Mission Trust | ||
| 300 | _a128 | ||
| 300 | _cB | ||
| 300 | _ePaperback | ||
| 530 | _u00092745.pdf | ||
| 563 | _aRef | ||
| 630 | _aSankara the missionary | ||
| 650 | _aBiography | ||
| 650 | _aReference | ||
| 730 | _aSankara the missionary | ||
| 942 | _cBOOK | ||
| 999 |
_c1384992 _d1384989 |
||